An Anytical study on Socialist Economy (1974-1988) / (Record no. 47303)

000 -LEADER
fixed length control field 01840nam a22002057a 4500
005 - DATE AND TIME OF LATEST TRANSACTION
control field 20260209140810.0
008 - FIXED-LENGTH DATA ELEMENTS--GENERAL INFORMATION
fixed length control field 260127b ||||| |||| 00| 0 eng d
040 ## - CATALOGING SOURCE
Transcribing agency SSBUL
082 ## - DEWEY DECIMAL CLASSIFICATION NUMBER
Edition number 23
Item number T-47 Ph.D
100 0# - MAIN ENTRY--PERSONAL NAME
Personal name Nilar Khaing
Numeration 4 PhD-His-11
9 (RLIN) 65939
245 12 - TITLE STATEMENT
Title An Anytical study on Socialist Economy (1974-1988) /
Statement of responsibility, etc. Nilar Khaing.
260 ## - PUBLICATION, DISTRIBUTION, ETC.
Place of publication, distribution, etc. Mandalay :
Name of publisher, distributor, etc. University of Mandalay,
Date of publication, distribution, etc. May 2013.
300 ## - PHYSICAL DESCRIPTION
Extent xxiv ,145 p.
Dimensions 30 cm.
502 ## - DISSERTATION NOTE
Degree type Ph.D
Name of granting institution University of Mandalay.
Year degree granted 2013.
Dissertation note This dissseration is an attempt to analyze the economic policy of the Burma Socialist Programme Party (B.S.P.P).In implementing the Socialist Economic policy,the agricultural sector,trade and commerce sector and the industrical sector were handled according to the rationale of its requirement,policy and method of implementation.As the overall policy objective was the establishment of the Socialist System,priority was accorded to the supremacy of the State Sector in all its economic undertakings.In the implementation of industrical plans and programmes there was excessive sectarian bias,inefficient management,negligence towards detailed execution,weakness in accepting responsibilities etc.Management staff was given no rights to offer constructive comments and criticisms in the line of duty.Thus to sum up,the Socialist Economic Policy<br/>of the B.S.P.P. failed to meet success and adversely led to the decline of general conditions of the country as a whole.
504 ## - BIBLIOGRAPHY, ETC. NOTE
Bibliography, etc. note includes bibliography.
505 ## - FORMATTED CONTENTS NOTE
Formatted contents note Contents<br/>Introduction<br/>Chapters<br/>1.The Advent of Socialist Economy<br/>2.Agriculture<br/>3.Trade and Commerce<br/>4.Industry and Demestic Industry<br/>Conclusion
Statement of responsibility Nilar Khaing.
Title An Anytical study on Socialist Economy (1974-1988).
650 ## - SUBJECT ADDED ENTRY--TOPICAL TERM
Topical term or geographic name entry element Economic policy
General subdivision History
Chronological subdivision (1974-1988)
Geographic subdivision Burma
9 (RLIN) 65940
942 ## - ADDED ENTRY ELEMENTS (KOHA)
Koha item type Reference
Source of classification or shelving scheme
Source of classification or shelving scheme
Koha item type Reference
Holdings
Withdrawn status Lost status Source of classification or shelving scheme Damaged status Not for loan Collection code Permanent Location Current Location Shelving location Date acquired Total Checkouts Full call number Date last seen Price effective from Koha item type Accession
        Not For Loan Reference Collection Shan State Buddhist University Library Shan State Buddhist University Library Reference Shelves 27/01/2026   T-47 Ph.D 27/01/2026 27/01/2026 Reference T-47 Ph.D

Library - 09407999929
Admin Office - 09407999979
Dean Office - 09250910768
Registrar Office - 09892297154
Email - [email protected]
Shan State Buddhist University, Phaya Phyu Taunggyi, Shan State, Myanmar.